|
|
|
|
| LEADER |
00000nam0a2200000 4500 |
| 001 |
156711 |
| 005 |
20231031153348.0 |
| 035 |
|
|
|a (RuTPU)RU\TPU\book\169958
|
| 090 |
|
|
|a 156711
|
| 100 |
|
|
|a 20090330d1974 k y0rusy50 ca
|
| 101 |
0 |
|
|a rus
|
| 102 |
|
|
|a RU
|
| 105 |
|
|
|a a z 001zy
|
| 200 |
1 |
|
|a Прикладная гироскопия
|e [сборник трудов]
|f под ред. В. А. Павлова
|
| 210 |
|
|
|a Ленинград
|c Изд-во ЛГУ
|d 1974
|
| 215 |
|
|
|a 207 с.
|c ил.
|
| 320 |
|
|
|a Библиография в конце статей
|
| 610 |
1 |
|
|a прикладная гироскопия
|
| 610 |
1 |
|
|a гироскопические приборы
|
| 610 |
1 |
|
|a точность
|
| 610 |
1 |
|
|a погрешности
|
| 610 |
1 |
|
|a анализ
|
| 610 |
1 |
|
|a кинематика
|
| 610 |
1 |
|
|a динамика
|
| 610 |
1 |
|
|a устойчивость
|
| 610 |
1 |
|
|a оценка
|
| 610 |
1 |
|
|a гиростабилизаторы
|
| 610 |
1 |
|
|a управление
|
| 610 |
1 |
|
|a оптимальные законы
|
| 610 |
1 |
|
|a переходные процессы
|
| 610 |
1 |
|
|a летательные аппараты
|
| 610 |
1 |
|
|a заход
|
| 610 |
1 |
|
|a посадка
|
| 610 |
1 |
|
|a автоматическое выравнивание
|
| 675 |
|
|
|a 531.383
|v 3
|
| 702 |
|
1 |
|a Павлов
|b В. А.
|4 340
|
| 801 |
|
1 |
|a RU
|b 63413507
|c 20090330
|g PSBO
|
| 801 |
|
2 |
|a RU
|b 63413507
|c 20140917
|g PSBO
|
| 942 |
|
|
|c BK
|